| 000 | 00349nam a22001457a 4500 | ||
|---|---|---|---|
| 008 | 210429b ||||| |||| 00| 0 eng d | ||
| 020 | _a2900471679461 | ||
| 041 | _aeng | ||
| 080 |
_28th _a330.101.541 |
||
| 082 | _a330.101.541 | ||
| 100 | _a52 | ||
| 101 | _aMAKRO | ||
| 245 |
_aEconomics theori & practice _cPatrick J. Weloch |
||
| 942 |
_2udc _cBK |
||
| 999 |
_c56935 _d56935 |
||